Italy National Team Scorers at the World-Cup - Statistics

General Stats
  • This quiz has been taken 143 times
  • The average score is 27 of 60
Answer Stats
Player # Of Goals World Cup % Correct
Dino Baggio 2 1994
97%
Roberto Baggio 9 1990, 1994, 1998
97%
Alessandro Del Piero 2 2002, 2006*
95%
Daniele De Rossi 1 2010
95%
Paolo Rossi 9 1978, 1982*
95%
Francesco Totti 1 2006*
93%
Andrea Pirlo 1 2006*
90%
Christian Vieri 9 1998, 2002
90%
Filippo Inzaghi 1 2006*
87%
Mario Balotelli 1 2014
85%
Marco Materazzi 2 2006*
83%
Luca Toni 2 2006*
82%
Gianluca Zambrotta 1 2006*
81%
Salvatore Schillaci 6 1990
76%
Fabio Grosso 1 2006*
74%
Giuseppe Meazza 3 1934*, 1938
73%
Luigi Riva 3 1970
69%
Antonio Di Natale 1 2010
65%
Marco Tardelli 2 1982*
65%
Claudio Marchisio 1 2014
64%
Gianni Rivera 3 1970, 1974
63%
Vincenzo Iaquinta 2 2006*, 2010
63%
Alberto Gilardino 1 2006*
60%
Alessandro Altobelli 5 1982*, 1986
58%
Fabio Quagliarella 1 2010
55%
Silvio Piola 5 1938*
55%
Sandro Mazzola 1 1966
48%
Bruno Conti 1 1982
47%
Francesco Graziani 1 1982
47%
Roberto Boninsegna 2 1970
47%
Roberto Bettega 2 1978
42%
Antonio Cabrini 1 1982
41%
Luigi Di Biagio 1 1998
35%
Daniele Massaro 1 1994
34%
Giampiero Boniperti 1 1954
31%
Aldo Serena 1 1990
30%
Giuseppe Giannini 1 1990
30%
Raimundo Orsi 3 1934*
26%
Franco Causio 1 1978
24%
Angelo Schiavio 4 1934*
22%
Bruno Mora 1 1962
22%
Giovanni Ferrari 2 1934
21%
Pietro Anastasi 1 1974
19%
Fabio Capello 1 1974
17%
Angelo Domenghini 1 1970
16%
Gino Colaussi 4 1938*
16%
Tarcisio Burgnich 1 1970
13%
Pietro Ferraris 1 1938
11%
Giacomo Bulgarelli 2 1962
9%
Romeo Benetti 2 1974, 1978
8%
Enrique Guaita 1 1934
7%
Riccardo Carapellese 2 1950
7%
Benito Lorenzi 1 1954
6%
Renato Zaccarelli 1 1978
6%
Carlo Galli 1 1954
5%
Egisto Pandolfini 2 1950, 1954
4%
Ermes Muccinelli 1 1950
3%
Paolo Barison 1 1966
3%
Amleto Frignani 1 1954
1%
Fulvio Nesti 1 1954
1%
No matching quizzes found
Score Distribution
Percent of People with Each Score
Percentile by Number Answered
Your Score History
You have not taken this quiz